Experiments in musical intelligence /

Bibliographic Details
Main Author: Cope, David, 1941-
Format: Book
Language:English
Published: Madison, Wis. : A-R Editions, [1996]
Series:Computer music and digital audio series ; v. 12.
Subjects:

MARC

Tag First Indicator Second Indicator Subfields
LEADER 00000cam a2200000 a 4500
001 in00001257504
005 20151004050331.0
008 950202s1996 wiua b 001 0 eng
010 |a  95006042  
020 |a 0895793148 
035 |a (OCoLC)32014158 
035 |9 AGW0502AM 
040 |a DLC  |c DLC  |d TXA  |d UtOrBLW 
049 |a TXAM 
050 0 0 |a MT56  |b .C67 1996 
082 0 0 |a 781.3/453  |2 20 
100 1 |a Cope, David,  |d 1941- 
245 1 0 |a Experiments in musical intelligence /  |c David Cope. 
264 1 |a Madison, Wis. :  |b A-R Editions,  |c [1996] 
264 4 |c ©1996 
300 |a xiv, 263 pages :  |b illustrations ;  |c 24 cm. +  |e 1 CD-ROM (4 3/4 in.) 
336 |a text  |b txt  |2 rdacontent 
337 |a unmediated  |b n  |2 rdamedia 
338 |a volume  |b nc  |2 rdacarrier 
490 1 |a The Computer music and digital audio series ;  |v v. 12 
504 |a Includes bibliographical references and index. 
536 |a Shirley W. Bryan and Richard R. Bryan '56 Endowment ; Humanities for Engineers. 
538 |a System requirements for accompanying computer disc: Macintosh; System 7.0 or higher. 
650 0 |a Composition (Music)  |x Computer programs. 
600 1 0 |a Cope, David,  |d 1941-  |t EMI. 
700 1 2 |a Cope, David,  |d 1941-  |t SARA. 
830 0 |a Computer music and digital audio series ;  |v v. 12. 
948 |a c:dm 
999 |a MARS 
999 f f |s 0496fbe4-a1af-3780-b2ef-bb47a582e80e  |i a882193a-4a46-37c3-9e42-51d161b6065b  |t 0 
952 f f |p ric  |a Texas A&M University  |b Rellis Campus  |c Joint Library Facility  |d Remote Storage  |t 0  |e MT56 .C67 1996  |h Library of Congress classification  |i unmediated -- volume  |m A14826703217 
998 f f |a MT56 .C67 1996  |t 0  |l Remote Storage